Теорія економічного аналізу (Запис № 338777)

МАРК-запис
000 -Лідер
fixed length control field 00721nam a22002537a 4500
003 - Ідентифікатор контрольного номера
control field UA-OsUOA
001 - Контрольний номер
control field 52698
007 - Фіксоване поле фізичного опису
fixed length control field ta
008 - Елементи даних фіксованої довжини – загальна інформація
fixed length control field 20080229b un ||||| |||| 00| 0 ukr d
090 ## - Локальний шифр розміщення
Класифікаційний індекс УДК 336(075.8)
Авторський знак (НП) Ч-58
040 ## - Джерело каталогізації
Агенція оригінальної каталогізації UA-OsUOA
Мова каталогізації ukr
Агенція, яка здійснювала перезапис UA-OsUOA
Агенція, яка здійснювала модифікацію UA-OsUOA
041 ## - Код мови
Код мови тексту/ звукової доріжки чи окремого заголовка (П) ukr
080 ## - Індекс Універсальної десяткової класифікації
Індекс Універсальної десяткової класифікації (УДК) (НП) 336(075.8)
020 ## - Міжнародний стандартний книжковий номер (ISBN)
Міжнародний стандартний книжковий номер (ISBN) (НП) 966-364-259-9
100 ## - Основне введення – ім’я особи
Ім’я особи (НП) Чигиринська О. С.
245 ## - Відомості про назву
Назва (НП) Теорія економічного аналізу
Решта назви (НП) Навчальний посібник
260 ## - Публікація, розповсюдження і т.п. (Вихідні дані)
Місце публікації, розповсюдження і т.п. (П) К.
Ім’я/ наймення видавництва, розповсюджувача і т.п. (П) Центр навчальної літератури
Дата публікації, розповсюдження і т.п. (П) 2006
300 ## - Фізичний опис
Обсяг 232 с.
650 #7 - Додаткове предметне введення – тематичний термін
Тематичний термін чи географічна назва, як елемент введення (НП) 336 Фінанси
Джерело заголовка чи терміна UDC
700 ## - Додаткове введення – ім'я особи
Ім’я особи (НП) Власюк Т. М.
942 ## - Додаткові елементи входу (Коха)
Тип елемента Koha Книги
955 ## - Код типу видання за змістом
Код типу видання за змістом (НП) Навчальні видання
Фонди
Стан вилучень Стан втрат Джерело класифікації або схеми стелажів Стан уражень Не для кредиту Постійне місце розташування Поточне розміщення Дата придбання Джерело придбання Вартість, звичайна ціна покупки Інвентарний номер Усього замовленно Повний номер виклику Штрих-код Дата останнього перегляду Ціна ефективна від Тип елемента Koha
    Universal Decimal Classification     АБ - Абонемент НБ АБ - Абонемент НБ 18/08/2008 104/2008 24.00 114702   336(075.8) Ч-58 114702 07/12/2021 29/02/2008 Книги
    Universal Decimal Classification     АБ - Абонемент НБ АБ - Абонемент НБ 18/08/2008 104/2008 24.00 114703   336(075.8) Ч-58 114703 07/12/2021 29/02/2008 Книги
    Universal Decimal Classification     АБ - Абонемент НБ АБ - Абонемент НБ 18/08/2008 104/2008 24.00 114704   336(075.8) Ч-58 114704 07/12/2021 29/02/2008 Книги
    Universal Decimal Classification     АБ - Абонемент НБ АБ - Абонемент НБ 18/08/2008 104/2008 24.00 114705   336(075.8) Ч-58 114705 07/12/2021 29/02/2008 Книги
    Universal Decimal Classification     АБ - Абонемент НБ АБ - Абонемент НБ 18/08/2008 104/2008 24.00 114706   336(075.8) Ч-58 114706 07/12/2021 29/02/2008 Книги
    Universal Decimal Classification     АБ - Абонемент НБ АБ - Абонемент НБ 18/08/2008 104/2008 24.00 114707   336(075.8) Ч-58 114707 07/12/2021 29/02/2008 Книги
    Universal Decimal Classification     АБ - Абонемент НБ АБ - Абонемент НБ 18/08/2008 104/2008 24.00 114708   336(075.8) Ч-58 114708 07/12/2021 29/02/2008 Книги
    Universal Decimal Classification     АБ - Абонемент НБ АБ - Абонемент НБ 18/08/2008 104/2008 24.00 114709   336(075.8) Ч-58 114709 07/12/2021 29/02/2008 Книги
    Universal Decimal Classification     АБ - Абонемент НБ АБ - Абонемент НБ 18/08/2008 104/2008 24.00 114710   336(075.8) Ч-58 114710 07/12/2021 29/02/2008 Книги
    Universal Decimal Classification     АБ - Абонемент НБ АБ - Абонемент НБ 18/08/2008 104/2008 24.00 114711   336(075.8) Ч-58 114711 07/12/2021 29/02/2008 Книги
    Universal Decimal Classification     ЧЗ - Читальна зала ЧЗ - Читальна зала 29/02/2008 23/2008 24.00 111823   336(075.8) Ч-58 111823 06/02/2022 29/02/2008 Книги